Kertas Kerja Padang Golf

Bibliographic Details
Format: Book
Subjects:

MARC

LEADER 00000cam a2200000 7i4500
001 0000023900
005 20111115.0
040 |a INS 
090 0 0 |a KK397 
245 1 0 |a Kertas Kerja Padang Golf 
300 |a i, 18p ;   |c 29.5cm. 
650 0 |a Golf courses 
999 |a KK00000852   |b BOOK   |c Project papers   |e Default branch 
999 |a KK00000853   |b BOOK   |c Project papers   |e Default branch 
999 |a KK00000854   |b BOOK   |c Project papers   |e Default branch 
999 |a KK00000855   |b BOOK   |c Project papers   |e Default branch 
999 |a KK00000856   |b BOOK   |c Project papers   |e Default branch